000
00333nam a2200157Ia 4500
001
13883
008
140402s9999 xx 000 0 und d
040
_c
PK-LaUMT
082
_a
220
_b
ASI-B
100
_a
Asi Ziaee
245
_a
Barnabas ki Engeel
_c
Asi Ziaee
260
_c
1998
300
_a
286 p.
546
_a
EN
942
_c
BK
999
_c
14528
_d
14528